| 000 | 01815nam a22005175a 4500 | ||
|---|---|---|---|
| 001 | 20661 | ||
| 003 | VRT | ||
| 005 | 20260128150119.0 | ||
| 008 | 151022s2015 yu g 000 d slo d | ||
| 020 | _a9788651702771 (brož.) | ||
| 035 | _aa000543861 | ||
| 039 | 9 |
_a201803221421 _bszollosk _c201511251000 _ddrlickoj _c201511231347 _dargo _c201510221355 _dviera |
|
| 040 |
_aUKB _bslo _cUKB _eAACR2 |
||
| 041 | 0 | _aslo | |
| 044 |
_ayu _cRS _axo _cSK |
||
| 072 | 7 |
_a821.162.4-2 _xSlovenská dráma _2konspekt |
|
| 080 |
_a821.162.4-2 _22004 |
||
| 080 |
_a(0:82-2) _22004 |
||
| 100 | 1 |
_aChalupka, Ján, _d1791-1871 |
|
| 245 | 1 | 0 |
_aKocúrkovo, alebo, Len aby sme v hanbe nezostali _cJán Chalupka |
| 246 | 3 | 0 | _aLen aby sme v hanbe nezostali |
| 250 | _a1. vyd. | ||
| 260 |
_a[Beograd] _bLiber Novus _c2015 |
||
| 300 | _a63 s. | ||
| 490 | 1 |
_aSlovenská klasika _v6 |
|
| 500 | _aVyd. pre denník Nový Čas v rámci proj. Nový Čas Knižnica | ||
| 500 | _aVyd. v spolupr. s Ringier Axel Springer Slovakia | ||
| 653 | _a821.162.4-2 | ||
| 653 | _a(0:82-2) | ||
| 655 | 7 |
_aslovenské drámy _2UKBPH |
|
| 830 | 0 | _aSlovenská klasika | |
| 910 | _aukb | ||
| 942 |
_2ddc _cKLDO _n0 |
||
| 949 |
_61800666486 _aSJ.D.03686 _bPV.2015-12353 |
||
| 949 |
_61800666487 _aSK.D.70840 _bPV.2015-12354 _s6707:20151127 |
||
| 949 |
_61800666488 _a33.D.31943 _bDD.2015-717 |
||
| 949 |
_61800666489 _a33.D.31943 _bDD.2015-718 |
||
| 949 |
_61800666490 _a33.D.31943 _bDD.2015-719 |
||
| 949 |
_61800666491 _a33.D.31943 _bDD.2015-720 |
||
| 949 |
_61800666492 _a33.D.31943 _bDD.2015-721 |
||
| 949 |
_61800666493 _a33.D.31943 _bDD.2015-722 |
||
| 949 |
_61800666494 _a33.D.31943 _bDD.2015-723 |
||
| 949 |
_61800666495 _a33.D.31943 _bDD.2015-724 |
||
| 949 |
_61800742099 _a33.D.31943 _bDD.2018-141 |
||
| 949 |
_61800742100 _a33.D.31943 _bDD.2018-142 |
||
| 999 |
_c20661 _d20661 |
||